000 00842cam a2200241 c 4500
001 a4980815
003 CO-ViMGA
005 20230915224412.0
008 110119s2010 sp a | |||| 000 c spa
020 _a9788498855142
040 _aCO-ViMGA
_bspa
_cCO-ViMGA
041 1 _heng
082 _a741.5
_bM45c
100 1 _aMillar, Mark
_d1969-
_98819
245 1 0 _aCivil War /
_h[Texto impreso]
_c[guión], Millar ; [dibujo], McNiven ; [Santiago García y Uriel Lóp̤ez, traducción]
260 _aTorroella de Montgrí, Girona
_bPanini España ;
_aBarcelona
_bdistribución, SD Distribuciones
_cD.L. 2010.
300 _a250 p.
_bprincipalmente il. col.
_c27 cm.
490 0 _aMarvel deluxe
650 1 4 _aComics
_9284
650 1 4 _aTiras comicas, historietas, etc.
_92479
700 1 _aMcNiven, Steve
_d1967-
_99216
942 _2ddc
_cBK
999 _c11772
_d11772